[Event "DRUGA LIGA CENTRALNE SRBIJE 2011 - ZAPAD"]
[Site "?"]
[Date "2011.10.14"]
[Round "7.1"]
[White "Kostic, Vladimir G"]
[Black "Radojcic, Slobodan"]
[Result "1-0"]
[WhiteElo "2433"]
[BlackElo "2270"]
[PlyCount "71"]
[EventDate "2011.09.11"]

1. Nf3 d5 2. d4 Nf6 3. c4 e6 4. g3 Nbd7 5. Bg2 c6 6. Qc2 Bd6 7. O-O O-O 8. Nbd2
Re8 9. b3 Qe7 10. Bb2 Ba3 11. Bxa3 Qxa3 12. e4 dxe4 13. Nxe4 Nxe4 14. Qxe4 Nf6
15. Qe3 Qd6 16. Ne5 Bd7 17. c5 Qc7 18. Nc4 Rf8 19. Qe5 Qd8 20. b4 b5 21. Na5
Qc8 22. a4 a6 23. Qd6 Ne8 24. Qf4 Nf6 25. Ra3 Rd8 26. Rfa1 Rb8 27. axb5 Rxb5
28. Nc4 Rxb4 29. Nb6 Qb8 30. Qd2 Rxb6 31. cxb6 Qxb6 32. Rxa6 Qc7 33. Ra8 Re8
34. Qb4 Rxa8 35. Rxa8+ Be8 36. Qc5 1-0

[Event "DRUGA LIGA CENTRALNE SRBIJE 2011 - ZAPAD"]
[Site "?"]
[Date "2011.10.14"]
[Round "7.1"]
[White "Ilic, Dragan M"]
[Black "Milosevic, Zoran"]
[Result "1/2-1/2"]
[WhiteElo "2388"]
[BlackElo "2280"]
[PlyCount "57"]
[EventDate "2011.09.11"]

1. d4 d5 2. c4 c6 3. cxd5 cxd5 4. Nc3 Nf6 5. Nf3 Nc6 6. Bf4 a6 7. e3 e6 8. Be2
Bd6 9. Bxd6 Qxd6 10. O-O O-O 11. Rc1 b5 12. a4 b4 13. Nb1 Ne4 14. Nbd2 Nxd2 15.
Nxd2 Na5 16. Nb3 Nxb3 17. Qxb3 a5 18. Bb5 Bd7 19. Bxd7 Qxd7 20. Rc5 Rfc8 21.
Rfc1 g6 22. g3 Kg7 23. Qd1 h5 24. b3 Qd8 25. Qc2 Rxc5 26. dxc5 Rc8 27. c6 Qf6
28. c7 h4 29. Kg2 1/2-1/2

[Event "DRUGA LIGA CENTRALNE SRBIJE 2011 - ZAPAD"]
[Site "?"]
[Date "2011.10.14"]
[Round "7.1"]
[White "Bosiljcic, Zoran"]
[Black "Gosic, Bogdan"]
[Result "0-1"]
[WhiteElo "2172"]
[BlackElo "2318"]
[PlyCount "80"]
[EventDate "2011.09.11"]

1. e4 e5 2. d4 exd4 3. Qxd4 Nc6 4. Qe3 Nf6 5. Nc3 Bb4 6. Bd2 O-O 7. O-O-O Re8
8. Bc4 d6 9. f3 Bc5 10. Qe1 Ne5 11. Bb3 c6 12. Bg5 h6 13. Bh4 b5 14. a4 a6 15.
Nge2 Ng6 16. Bf2 Qb6 17. Rf1 Qc7 18. Qd2 b4 19. Nb1 a5 20. Nf4 Ne5 21. Nd3
Nxd3+ 22. Qxd3 Bxf2 23. Rxf2 d5 24. exd5 cxd5 25. g3 Ba6 26. Qd4 Be2 27. Rg1
Bc4 28. Nd2 Rac8 29. Kb1 Re6 30. g4 Qe7 31. Ka2 Qd7 32. Kb1 Qe8 33. h4 Re1+ 34.
Rxe1 Qxe1+ 35. Ka2 Qg1 36. g5 hxg5 37. hxg5 Qxg5 38. Nxc4 dxc4 39. Bxc4 Qc5 40.
Qxc5 Rxc5 0-1

[Event "DRUGA LIGA CENTRALNE SRBIJE 2011 - ZAPAD"]
[Site "?"]
[Date "2011.10.14"]
[Round "7.1"]
[White "Milosevic, Slavisa"]
[Black "Cubrakovic, Velibor"]
[Result "1-0"]
[WhiteElo "2257"]
[BlackElo "2219"]
[PlyCount "91"]
[EventDate "2011.09.11"]

1. e4 Nf6 2. d3 e5 3. Nf3 Nc6 4. c3 d5 5. Qc2 Be7 6. Be2 O-O 7. b4 a6 8. a3 h6
9. O-O Nh7 10. Nbd2 Be6 11. Bb2 Bf6 12. Rfe1 Ne7 13. exd5 Bxd5 14. c4 Bxf3 15.
Bxf3 Ng6 16. Bxb7 Rb8 17. Be4 c5 18. bxc5 Ng5 19. Nf3 Nxe4 20. Rxe4 Qc7 21.
Rae1 Qxc5 22. a4 Rfd8 23. g3 Qd6 24. R1e3 Qb4 25. Bxe5 Qb1+ 26. Qxb1 Rxb1+ 27.
Kg2 Nxe5 28. Nxe5 Rd1 29. Ng4 Bd4 30. Rf3 f5 31. Rxf5 Rxd3 32. Re6 Rd2 33. h4
h5 34. Rxh5 Bxf2 35. Rf5 Bd4+ 36. Kh3 Rc8 37. Rd6 Rxc4 38. Rd8+ Kh7 39. Ne5
Bxe5 40. Rxd2 Bc7 41. Rd7 Kh6 42. Rg5 g6 43. Rg4 Rc3 44. Re7 Rc6 45. Rge4 a5
46. R7e6 1-0

[Event "DRUGA LIGA CENTRALNE SRBIJE 2011 - ZAPAD"]
[Site "?"]
[Date "2011.10.14"]
[Round "7.2"]
[White "Marinkovic, Slavisa"]
[Black "Bujisic, Vlastimir"]
[Result "1/2-1/2"]
[WhiteElo "2414"]
[BlackElo "2238"]
[PlyCount "42"]
[EventDate "2011.09.11"]

1. e4 e5 2. Nf3 Nf6 3. d4 exd4 4. e5 Ne4 5. Qxd4 d5 6. exd6 Nxd6 7. Nc3 Nc6 8.
Qf4 Nf5 9. Bb5 Bd6 10. Qe4+ Qe7 11. Bd2 O-O 12. O-O-O a6 13. Bxc6 bxc6 14. Qxc6
Rb8 15. Rhe1 Bb7 16. Qc4 Qf6 17. Qg4 h6 18. b3 Bc6 19. Nb1 Qa1 20. b4 Rb5 21.
a3 h5 1/2-1/2

[Event "DRUGA LIGA CENTRALNE SRBIJE 2011 - ZAPAD"]
[Site "?"]
[Date "2011.10.14"]
[Round "7.2"]
[White "Zecevic, Igor"]
[Black "Begus, Drasko"]
[Result "0-1"]
[WhiteElo "1913"]
[BlackElo "2321"]
[PlyCount "32"]
[EventDate "2011.09.11"]

1. d4 Nf6 2. c4 d6 3. Nc3 Bf5 4. Nf3 g6 5. g3 Bg7 6. Bg2 O-O 7. O-O Nc6 8. Re1
Ne4 9. Nh4 Nxc3 10. bxc3 Bd7 11. Qd3 e5 12. d5 Na5 13. e4 f5 14. Bd2 Qf6 15. c5
fxe4 16. Qe3 Nc4 0-1

[Event "DRUGA LIGA CENTRALNE SRBIJE 2011 - ZAPAD"]
[Site "?"]
[Date "2011.10.14"]
[Round "7.2"]
[White "Zivkovic, Sava"]
[Black "Vasilic, Mihailo"]
[Result "1-0"]
[WhiteElo "2302"]
[BlackElo "2044"]
[PlyCount "91"]
[EventDate "2011.09.11"]

1. e4 e5 2. Nf3 Nc6 3. Bb5 Bc5 4. O-O d6 5. c3 a6 6. Ba4 b5 7. Bb3 Nf6 8. d4
Bb6 9. dxe5 dxe5 10. Qxd8+ Nxd8 11. Nxe5 O-O 12. Bg5 Re8 13. Bxf6 gxf6 14. Nf3
Bb7 15. Nbd2 c5 16. Bd5 c4 17. Rfe1 Nc6 18. Nf1 Rad8 19. Ng3 Na5 20. Nf5 Kf8
21. Bxb7 Nxb7 22. a4 Nc5 23. axb5 axb5 24. Ng3 Rd7 25. Nh5 Re6 26. Ra8+ Ke7 27.
Ng7 Rb7 28. Nxe6 fxe6 29. e5 Nd3 30. exf6+ Kxf6 31. Re2 Rd7 32. g3 Rd6 33. Nd2
Kf7 34. Ne4 Rd5 35. Rb8 Bd8 36. Rxb5 Rxb5 37. Nd6+ Ke7 38. Nxb5 Bb6 39. Na3 Nc1
40. Rc2 Nd3 41. Nxc4 Ba7 42. b4 Ne1 43. Ra2 Bb8 44. h4 Kf6 45. Ra8 Bc7 46. Rc8
1-0

[Event "DRUGA LIGA CENTRALNE SRBIJE 2011 - ZAPAD"]
[Site "?"]
[Date "2011.10.14"]
[Round "7.2"]
[White "Ljubinkovic, Miodrag"]
[Black "Vuckovic, Danilo"]
[Result "1-0"]
[WhiteElo "2275"]
[BlackElo "1686"]
[PlyCount "53"]
[EventDate "2011.09.11"]

1. d4 Nf6 2. Nf3 c5 3. c3 d5 4. Bf4 Nc6 5. e3 Bg4 6. Nbd2 e6 7. Qb3 Qc8 8. Ne5
Nxe5 9. dxe5 Nd7 10. h4 h6 11. c4 Be7 12. cxd5 exd5 13. Qxd5 O-O 14. Qe4 Nb6
15. Qc2 Nd5 16. Bg3 f6 17. Bc4 Be6 18. Qb3 Nc7 19. exf6 Bxf6 20. Bxc7 Qxc7 21.
Bxe6+ Kh8 22. Nf3 Qa5+ 23. Kf1 b5 24. Qc2 Rfe8 25. Qf5 b4 26. Bc4 Bxb2 27. Ng5
1-0

[Event "DRUGA LIGA CENTRALNE SRBIJE 2011 - ZAPAD"]
[Site "?"]
[Date "2011.10.14"]
[Round "7.2"]
[White "Vuckovic, Lidija"]
[Black "Zivkovic, Dejan"]
[Result "0-1"]
[WhiteElo "1752"]
[BlackElo "2289"]
[PlyCount "88"]
[EventDate "2011.09.11"]

1. d4 Nf6 2. Bf4 d5 3. e3 c5 4. c3 Nc6 5. h3 Qb6 6. Qb3 c4 7. Qc2 Bf5 8. Qc1 e6
9. Nd2 Be7 10. Ngf3 h6 11. Be2 O-O 12. O-O Rfc8 13. Ne5 Nxe5 14. dxe5 Nd7 15.
g4 Bg6 16. Nf3 Nc5 17. Nd4 Na4 18. Bg3 Qxb2 19. Qxb2 Nxb2 20. f4 Be4 21. a4 Nd3
22. f5 Nc5 23. f6 gxf6 24. exf6 Bf8 25. h4 Nb3 26. Ra2 Nxd4 27. exd4 Rc6 28.
Rb2 Rb6 29. Rb5 Rxb5 30. axb5 a5 31. Ra1 a4 32. Bc7 a3 33. g5 a2 34. Kf2 Bb1
35. Bh5 hxg5 36. hxg5 Ra3 37. Be5 Rxc3 38. Bg4 Rb3 39. Bxe6 fxe6 40. Rxa2 Bxa2
41. g6 Bb4 42. Bf4 Rh3 43. Kg2 Rh4 44. Kf3 Rxf4+ 0-1

[Event "DRUGA LIGA CENTRALNE SRBIJE 2011 - ZAPAD"]
[Site "?"]
[Date "2011.10.14"]
[Round "7.3"]
[White "Stojanovic, Dobrisav"]
[Black "Urosevic, Radojko"]
[Result "1-0"]
[WhiteElo "2334"]
[BlackElo "2230"]
[PlyCount "111"]
[EventDate "2011.09.11"]

1. d4 c5 2. d5 e5 3. e4 d6 4. Nc3 a6 5. a4 Be7 6. Nge2 Bg5 7. Ng3 Nh6 8. Be2
O-O 9. O-O Bxc1 10. Qxc1 Qh4 11. f4 exf4 12. Rxf4 Qe7 13. Qd2 Nd7 14. Raf1 Ne5
15. Nd1 Qg5 16. Ne3 Bd7 17. Nef5 Bxf5 18. exf5 Rfe8 19. Ne4 Qd8 20. Kh1 f6 21.
g4 Nhf7 22. h4 Kh8 23. Rg1 Qe7 24. g5 Nd7 25. Bh5 Rf8 26. Qg2 fxg5 27. hxg5 Qe5
28. Rh4 Qxf5 29. Bg4 Qg6 30. Bxd7 Ne5 31. Be6 Nf3 32. Qg3 Nxh4 33. Qxh4 Rf3 34.
Nd2 Rff8 35. Qh2 Rad8 36. c4 Qd3 37. g6 h6 38. Bf7 b5 39. axb5 axb5 40. cxb5
Rb8 41. b6 Qe3 42. Qg2 Qf4 43. Rf1 Qh4+ 44. Qh2 Qd4 45. Nf3 Qd3 46. Rf2 Rxb6
47. Nh4 Ra8 48. Qg2 Qd1+ 49. Kh2 Qh5 50. Qh3 Rab8 51. Nf5 Qg5 52. Qc3 Qh5+ 53.
Kg2 Qg4+ 54. Kh1 Qd1+ 55. Kh2 Qh5+ 56. Kg1 1-0

[Event "DRUGA LIGA CENTRALNE SRBIJE 2011 - ZAPAD"]
[Site "?"]
[Date "2011.10.14"]
[Round "7.3"]
[White "Sredojevic, Srdjan"]
[Black "Marcetic, Predrag"]
[Result "1/2-1/2"]
[WhiteElo "2203"]
[BlackElo "2237"]
[PlyCount "105"]
[EventDate "2011.09.11"]

1. Nf3 Nf6 2. b3 d5 3. Bb2 c5 4. e3 Nc6 5. Be2 g6 6. O-O Bg7 7. d3 O-O 8. Nbd2
Qc7 9. c4 Rd8 10. Qc1 b6 11. d4 cxd4 12. Nxd4 Nxd4 13. Bxd4 e5 14. Bb2 d4 15.
exd4 exd4 16. Qd1 h5 17. h3 Bf5 18. Bf3 Rac8 19. Re1 d3 20. Be5 Qd7 21. Rc1 Re8
22. Bc3 Qd6 23. Rxe8+ Rxe8 24. b4 Nd7 25. Bxg7 Kxg7 26. Qb3 Qd4 27. Kf1 Ne5 28.
Qc3 Qxc3 29. Rxc3 Nxf3 30. Nxf3 Re2 31. Nd4 Rb2 32. Nxf5+ gxf5 33. Rxd3 Rxb4
34. Rc3 Rb1+ 35. Ke2 Rb2+ 36. Kf3 Rxa2 37. c5 bxc5 38. Rxc5 Kg6 39. g3 Ra3+ 40.
Kg2 a5 41. h4 f6 42. Rb5 Ra4 43. Kf3 Ra3+ 44. Kg2 Ra1 45. Kf3 Ra3+ 46. Kg2 a4
47. Ra5 Ra2 48. Kf3 a3 49. Ra7 Ra1 50. Ra5 Ra2 51. Kg2 Ra1 52. Kf3 Ra2 53. Kg2
1/2-1/2

[Event "DRUGA LIGA CENTRALNE SRBIJE 2011 - ZAPAD"]
[Site "?"]
[Date "2011.10.14"]
[Round "7.3"]
[White "Vasic, Vladimir"]
[Black "Bojanic, Bratislav"]
[Result "1-0"]
[WhiteElo "2209"]
[BlackElo "2250"]
[PlyCount "57"]
[EventDate "2011.09.11"]

1. e4 e5 2. Nf3 Nc6 3. Bb5 a6 4. Bxc6 dxc6 5. d4 exd4 6. Qxd4 Qxd4 7. Nxd4 c5
8. Ne2 Nf6 9. Nbc3 Bd7 10. Bg5 Bc6 11. Bxf6 gxf6 12. O-O-O Rg8 13. g3 f5 14.
Rhe1 fxe4 15. Nxe4 Bxe4 16. Nc3 Bd6 17. Nxe4 O-O-O 18. f4 Be7 19. Rxd8+ Kxd8
20. Rd1+ Ke8 21. Rd5 b6 22. Kd2 f6 23. Ke3 Bd8 24. Kf3 c6 25. Rd6 Kf7 26. f5
Re8 27. Rd7+ Kg8 28. Nd6 Rf8 29. Nb7 1-0

[Event "DRUGA LIGA CENTRALNE SRBIJE 2011 - ZAPAD"]
[Site "?"]
[Date "2011.10.14"]
[Round "7.3"]
[White "Drcelic, Sreten"]
[Black "Bezarevic, Branko"]
[Result "1/2-1/2"]
[WhiteElo "2235"]
[BlackElo "2176"]
[PlyCount "52"]
[EventDate "2011.09.11"]

1. e4 c5 2. Nf3 d6 3. d3 Nc6 4. c3 d5 5. Qc2 g6 6. Be2 Bg7 7. O-O e5 8. Re1
Nge7 9. Bf1 O-O 10. Bg5 Be6 11. Qc1 Qd7 12. Bh6 f6 13. Bxg7 Kxg7 14. Na3 Rac8
15. Nc2 d4 16. c4 a6 17. a4 a5 18. Na3 Rce8 19. Nb5 Nb4 20. Qd2 Nec6 21. Rad1
Re7 22. h3 Rfe8 23. Nh2 Rf8 24. Be2 Ref7 25. Rf1 f5 26. exf5 gxf5 1/2-1/2

[Event "DRUGA LIGA CENTRALNE SRBIJE 2011 - ZAPAD"]
[Site "?"]
[Date "2011.10.14"]
[Round "7.3"]
[White "Djokovic, Nebojsa"]
[Black "Ivanovic, Dragoslav"]
[Result "1-0"]
[WhiteElo "2097"]
[BlackElo "2136"]
[PlyCount "79"]
[EventDate "2011.09.11"]

1. e4 c5 2. Nc3 d6 3. f4 Nc6 4. Bb5 Bd7 5. Nf3 e6 6. O-O a6 7. Bxc6 Bxc6 8. d3
Nf6 9. Qe1 Be7 10. b3 O-O 11. Bb2 Qc7 12. Ne2 d5 13. e5 Ng4 14. Ng3 d4 15. Bc1
Rae8 16. h3 Nh6 17. Ne4 b6 18. Nfg5 Bd5 19. Qh4 Qb7 20. Nf6+ Bxf6 21. exf6 Kh8
22. fxg7+ Kxg7 23. f5 Nxf5 24. Rxf5 exf5 25. Nxh7 Re6 26. Nxf8 Kxf8 27. Bg5 Kg7
28. Rf1 Bxg2 29. Rxf5 Qc6 30. Qg3 Rg6 31. Qxg2 Qxg2+ 32. Kxg2 f6 33. h4 fxg5
34. Rxg5 Rxg5+ 35. hxg5 Kg6 36. Kf3 Kxg5 37. Ke4 Kf6 38. Kd5 Ke7 39. Kc6 Ke6
40. Kxb6 1-0

[Event "DRUGA LIGA CENTRALNE SRBIJE 2011 - ZAPAD"]
[Site "?"]
[Date "2011.10.14"]
[Round "7.4"]
[White "Panic, Nenad"]
[Black "Savicevic, Vlatko"]
[Result "1/2-1/2"]
[WhiteElo "2350"]
[BlackElo "2324"]
[PlyCount "31"]
[EventDate "2011.09.11"]

1. d4 d5 2. c4 e6 3. Nc3 Be7 4. Nf3 Nf6 5. Bg5 h6 6. Bh4 O-O 7. e3 b6 8. Qb3
Bb7 9. Bxf6 Bxf6 10. cxd5 exd5 11. Be2 c6 12. O-O Re8 13. Rfe1 Nd7 14. Rad1 Nf8
15. e4 g6 16. e5 1/2-1/2

[Event "DRUGA LIGA CENTRALNE SRBIJE 2011 - ZAPAD"]
[Site "?"]
[Date "2011.10.14"]
[Round "7.4"]
[White "Simic, Dragisa"]
[Black "Jovanovic, Dusan D"]
[Result "1-0"]
[WhiteElo "2323"]
[BlackElo "2366"]
[PlyCount "82"]
[EventDate "2011.09.11"]

1. e4 e5 2. Nf3 Nc6 3. Bb5 a6 4. Bxc6 dxc6 5. O-O f6 6. d4 exd4 7. Nxd4 Bd6 8.
Be3 Ne7 9. Nd2 O-O 10. Nc4 Re8 11. c3 Ng6 12. Nxd6 cxd6 13. Qc2 Qe7 14. Rfe1 c5
15. Nf5 Bxf5 16. exf5 Ne5 17. Rad1 Rad8 18. Rd5 c4 19. b3 b5 20. Qe4 Qc7 21.
bxc4 Qxc4 22. Qxc4 Nxc4 23. Red1 Re5 24. Rxe5 fxe5 25. Rd5 Kf7 26. Bg5 Rb8 27.
g4 h6 28. Bc1 b4 29. cxb4 Rxb4 30. Rd3 Rb1 31. Rc3 d5 32. Kg2 Rb4 33. f3 Ra4
34. a3 Ra5 35. Kf2 Rb5 36. Ke2 a5 37. Kd3 a4 38. Kc2 Ke7 39. h4 Rb8 40. h5 Kd6
41. Rd3 Kc5 1-0

[Event "DRUGA LIGA CENTRALNE SRBIJE 2011 - ZAPAD"]
[Site "?"]
[Date "2011.10.14"]
[Round "7.4"]
[White "Rajevic, Gavrilo"]
[Black "Rihterovic, Milan"]
[Result "1/2-1/2"]
[WhiteElo "2273"]
[BlackElo "2245"]
[PlyCount "47"]
[EventDate "2011.09.11"]

1. e4 e5 2. Nf3 Nc6 3. d4 exd4 4. Bc4 Nf6 5. e5 d5 6. Bb5 Ne4 7. Nxd4 Bd7 8.
Bxc6 bxc6 9. O-O Bc5 10. f3 Ng5 11. f4 Ne4 12. Be3 O-O 13. Nd2 Qe7 14. Nxe4
dxe4 15. Qe2 f6 16. exf6 Rxf6 17. Nb3 Bd6 18. Qc4+ Kh8 19. Nc5 Bf5 20. Nb7 Rg6
21. Rf2 Bd7 22. Nc5 Bf5 23. Nb7 Bd7 24. Nc5 1/2-1/2

[Event "DRUGA LIGA CENTRALNE SRBIJE 2011 - ZAPAD"]
[Site "?"]
[Date "2011.10.14"]
[Round "7.4"]
[White "Janjos, Slavisa"]
[Black "Rasic, Goran"]
[Result "1-0"]
[WhiteElo "2154"]
[BlackElo "2214"]
[PlyCount "56"]
[EventDate "2011.09.11"]

1. d4 Nf6 2. c4 g6 3. Nc3 Bg7 4. g3 O-O 5. Bg2 d6 6. Nf3 Nc6 7. O-O a6 8. Re1
Rb8 9. Rb1 Bf5 10. e4 Bg4 11. Be3 Nd7 12. h3 Bxf3 13. Bxf3 e5 14. dxe5 dxe5 15.
b4 Nd4 16. Bg2 Nb6 17. Bf1 Qf6 18. Bxd4 exd4 19. Nd5 Nxd5 20. cxd5 Qe7 21. a4
c6 22. b5 axb5 23. axb5 cxd5 24. exd5 Qd6 25. Bg2 Rfc8 26. b6 Bf6 27. Qa4 Ra8
28. Qb4 Re8 1-0

[Event "DRUGA LIGA CENTRALNE SRBIJE 2011 - ZAPAD"]
[Site "?"]
[Date "2011.10.14"]
[Round "7.5"]
[White "Colovic, Dusan"]
[Black "Milosevic, Boban"]
[Result "1-0"]
[WhiteElo "2346"]
[BlackElo "2268"]
[PlyCount "79"]
[EventDate "2011.09.11"]

1. d4 d5 2. Nc3 f5 3. Bf4 c6 4. e3 Nf6 5. Nf3 e6 6. Bd3 Bd6 7. Ne5 Qc7 8. Bg3
Nbd7 9. f4 a6 10. Ne2 c5 11. c3 b5 12. O-O O-O 13. Bh4 Nb6 14. Rf3 b4 15. Kh1
a5 16. Rg3 Ba6 17. Bxa6 Rxa6 18. Bxf6 Rxf6 19. dxc5 Qxc5 20. Nd4 Bxe5 21. fxe5
Rh6 22. cxb4 Qxb4 23. b3 Nd7 24. Nxf5 Rg6 25. Rc1 Ra8 26. Nd4 Rxg3 27. hxg3
Nxe5 28. Nxe6 Qd6 29. Nf4 Rd8 30. Qh5 Nf7 31. Rd1 Qa3 32. Rxd5 Rd6 33. Rxd6
Nxd6 34. Qd5+ Kf8 35. Ne6+ Ke7 36. Nxg7 Qxa2 37. Qe6+ Kf8 38. Qf6+ Nf7 39. Nf5
Qa3 40. Nh6 1-0

[Event "DRUGA LIGA CENTRALNE SRBIJE 2011 - ZAPAD"]
[Site "?"]
[Date "2011.10.14"]
[Round "7.5"]
[White "Avramovic, Zoran"]
[Black "Irizanin, Radoje"]
[Result "1-0"]
[WhiteElo "2236"]
[BlackElo "2338"]
[PlyCount "120"]
[EventDate "2011.09.11"]

1. e4 c5 2. Nf3 d6 3. d4 cxd4 4. Nxd4 Nf6 5. Nc3 a6 6. Be2 e6 7. O-O Be7 8. Be3
Qc7 9. a4 Nc6 10. f3 O-O 11. Qd2 Na5 12. Nb3 b6 13. Nxa5 bxa5 14. Bd3 Rb8 15.
Rab1 Nd7 16. Kh1 Nc5 17. Rfd1 Bb7 18. Be2 h6 19. Qe1 Kh7 20. Qg3 e5 21. b3 Ba8
22. Bc4 Ne6 23. Qe1 Rbc8 24. Nd5 Bxd5 25. Rxd5 Nc5 26. Bxc5 dxc5 27. Bxa6 Rcd8
28. Bc4 Rxd5 29. Bxd5 g6 30. Rd1 Kg7 31. Qe2 Rb8 32. g3 Rd8 33. Qc4 Qb6 34. c3
h5 35. Rf1 f6 36. Qb5 Qc7 37. Kg2 Rb8 38. Qe2 Bd6 39. h4 Qe7 40. Qa6 Qc7 41.
Rd1 Qb6 42. Qd3 Rd8 43. g4 Bb8 44. gxh5 c4 45. Qxc4 Ba7 46. Qe2 Rh8 47. hxg6
Rxh4 48. Qd2 Rh5 49. Be6 Rg5+ 50. Bg4 Kxg6 51. b4 Qc6 52. Qd7 Qa8 53. Rh1 Qg8
54. Qxa7 axb4 55. cxb4 Qa2+ 56. Kg3 Rxg4+ 57. fxg4 Qb3+ 58. Kg2 Qc2+ 59. Qf2
Qxe4+ 60. Qf3 Qc2+ 1-0

[Event "DRUGA LIGA CENTRALNE SRBIJE 2011 - ZAPAD"]
[Site "?"]
[Date "2011.10.14"]
[Round "7.5"]
[White "Mirkovic, Stevan"]
[Black "Mircic, Ivan"]
[Result "1-0"]
[WhiteElo "2237"]
[BlackElo "2271"]
[PlyCount "91"]
[EventDate "2011.09.11"]

1. Nf3 d5 2. d4 Nf6 3. c4 e6 4. Nc3 Be7 5. Bg5 O-O 6. cxd5 exd5 7. g3 h6 8.
Bxf6 Bxf6 9. Bg2 c6 10. O-O Bf5 11. Re1 Re8 12. b4 Qb6 13. a3 Nd7 14. Na4 Qb5
15. Bf1 Bg4 16. e3 Bxf3 17. Qb3 Nc5 18. dxc5 Bxa1 19. Bxb5 cxb5 20. Rxa1 bxa4
21. Qxa4 a6 22. Qd7 Rab8 23. Rc1 Red8 24. Qf5 Be4 25. Qf4 Rbc8 26. f3 Bd3 27.
Qe5 Bb5 28. Kf2 d4 29. exd4 Re8 30. Qf5 Re2+ 31. Kg1 Rce8 32. Qb1 R8e3 33. d5
Rxf3 34. Re1 Rd2 35. c6 Bd3 36. Qxd3 Rfxd3 37. cxb7 Rxd5 38. b8=Q+ Kh7 39. Qb7
Rd6 40. Qxf7 Rf6 41. Qa7 Rd3 42. a4 Rb3 43. Qd4 Ra3 44. Qb2 Raf3 45. b5 axb5
46. axb5 1-0

[Event "DRUGA LIGA CENTRALNE SRBIJE 2011 - ZAPAD"]
[Site "?"]
[Date "2011.10.14"]
[Round "7.5"]
[White "Rancic, Zoran"]
[Black "Gavrilovic, Leonardo"]
[Result "1/2-1/2"]
[WhiteElo "2168"]
[BlackElo "2262"]
[PlyCount "55"]
[EventDate "2011.09.11"]

1. d4 Nf6 2. c4 e6 3. Nc3 Bb4 4. Qc2 b5 5. cxb5 a6 6. e3 axb5 7. Bxb5 Bb7 8.
Nf3 c5 9. dxc5 Qa5 10. Bd3 Qxc5 11. Bd2 O-O 12. Ne4 Bxd2+ 13. Nfxd2 Nxe4 14.
Nxe4 Qd5 15. f3 Rxa2 16. O-O Rxa1 17. Rxa1 f5 18. Nf2 Rc8 19. Qe2 Qc5 20. Qd2
Nc6 21. Rc1 Qb6 22. Be2 d5 23. Kf1 Rd8 24. Nd3 d4 25. Nc5 e5 26. Qc2 Ne7 27.
exd4 exd4 28. Nxb7 1/2-1/2

[Event "DRUGA LIGA CENTRALNE SRBIJE 2011 - ZAPAD"]
[Site "?"]
[Date "2011.10.14"]
[Round "7.5"]
[White "Roljevic, Djordje"]
[Black "Obradovic, Blazimir"]
[Result "1/2-1/2"]
[WhiteElo "2053"]
[BlackElo "2183"]
[PlyCount "81"]
[EventDate "2011.09.11"]

1. d4 d5 2. Nf3 Nf6 3. c4 c6 4. Qc2 g6 5. Nc3 Bg7 6. e3 O-O 7. Qb3 e6 8. Bd3
Nbd7 9. O-O Nb6 10. Ne5 dxc4 11. Nxc4 Nxc4 12. Qxc4 Nd5 13. Bd2 Nb6 14. Qb4 e5
15. Ne2 exd4 16. Nxd4 Nd7 17. Nf3 Ne5 18. Nxe5 Bxe5 19. Bc3 a5 20. Qc5 Bxc3 21.
Qxc3 Be6 22. Rfd1 Qg5 23. Be4 Rfd8 24. a3 Rxd1+ 25. Rxd1 Rd8 26. Rxd8+ Qxd8 27.
f4 h5 28. Qd3 Qxd3 29. Bxd3 f5 30. e4 fxe4 31. Bxe4 Kf7 32. Kf2 Bf5 33. Ke3 Ke6
34. b4 axb4 35. axb4 Kd6 36. g3 b6 37. h3 c5 38. bxc5+ Kxc5 39. g4 hxg4 40.
hxg4 Bxg4 41. Bxg6 1/2-1/2

[Event "DRUGA LIGA CENTRALNE SRBIJE 2011 - ZAPAD"]
[Site "?"]
[Date "2011.10.14"]
[Round "7.6"]
[White "Aleksic, Milan"]
[Black "Kahrovic, Mersid"]
[Result "0-1"]
[WhiteElo "2232"]
[BlackElo "2277"]
[PlyCount "81"]
[EventDate "2011.09.11"]

1. e4 d6 2. d4 Nf6 3. Nc3 g6 4. Be3 Bg7 5. Qd2 Ng4 6. Bg5 h6 7. Bh4 c6 8. h3
Nf6 9. f4 Qa5 10. Nf3 b5 11. Bd3 b4 12. Nd1 Qb6 13. c4 bxc3 14. Nxc3 Na6 15.
O-O Nh7 16. Bf2 O-O 17. a3 Nc7 18. b4 Ba6 19. Bxa6 Qxa6 20. e5 Rfd8 21. Rfc1
Rac8 22. Ne4 Nd5 23. g4 Qb7 24. Bg3 Qd7 25. Kh2 f5 26. exf6 Nhxf6 27. Qd3 Qe6
28. Re1 Qf7 29. Nh4 Nh7 30. f5 g5 31. Ng6 Nf8 32. Rf1 Nf6 33. Rae1 Rd7 34. Nc3
h5 35. gxh5 Nxh5 36. Ne4 Nf6 37. Rg1 Nxg6 38. fxg6 Qxg6 39. Nxf6+ Qxf6 40. Ref1
Qh6 41. Bh4 0-1

[Event "DRUGA LIGA CENTRALNE SRBIJE 2011 - ZAPAD"]
[Site "?"]
[Date "2011.10.14"]
[Round "7.6"]
[White "Dumic, Marko"]
[Black "Markovic, Sasa"]
[Result "1-0"]
[WhiteElo "2249"]
[BlackElo "2164"]
[PlyCount "95"]
[EventDate "2011.09.11"]

1. d4 Nf6 2. c4 e6 3. Nf3 b6 4. g3 Ba6 5. Qc2 Bb4+ 6. Bd2 Be7 7. Bg2 Bb7 8. Nc3
O-O 9. e4 d6 10. O-O Nbd7 11. h3 c5 12. d5 Ne8 13. Rae1 Nc7 14. h4 Bf6 15. Bg5
Rb8 16. b3 Re8 17. dxe6 Nxe6 18. Nb5 Nxg5 19. hxg5 Bxg5 20. Nxa7 Re6 21. Nb5
Be7 22. Re2 Bc6 23. Nc3 b5 24. Nxb5 Bxb5 25. cxb5 Rxb5 26. Rd1 Qc7 27. Bh3 Rh6
28. Bg2 Rb8 29. Nd4 Bf8 30. Nf5 Re6 31. Red2 Ne5 32. Rc1 Qd7 33. Rcd1 Rd8 34.
Ne3 Nc6 35. Qc4 g6 36. f4 Nd4 37. Nc2 Bg7 38. Kh2 Re7 39. Nxd4 Bxd4 40. Bf3 Qa7
41. Kg2 Rb7 42. Qd5 Re7 43. Rc2 Qb6 44. Be2 Ree8 45. Bc4 Re7 46. Re2 Re6 47. a4
h5 48. b4 1-0

[Event "DRUGA LIGA CENTRALNE SRBIJE 2011 - ZAPAD"]
[Site "?"]
[Date "2011.10.14"]
[Round "7.6"]
[White "Jovanovic, Miroslav O"]
[Black "Brajovic, Miroljub"]
[Result "1/2-1/2"]
[WhiteElo "2093"]
[BlackElo "2159"]
[PlyCount "32"]
[EventDate "2011.09.11"]

1. d4 Nf6 2. c4 d5 3. Nc3 c5 4. e3 e6 5. Nf3 Be7 6. Be2 O-O 7. O-O Nc6 8. dxc5
Bxc5 9. b3 a6 10. Bb2 dxc4 11. Bxc4 b5 12. Be2 Bb7 13. Qxd8 Rfxd8 14. Rfd1 Be7
15. Rxd8+ Rxd8 16. Rd1 Rxd1+ 1/2-1/2

[Event "DRUGA LIGA CENTRALNE SRBIJE 2011 - ZAPAD"]
[Site "?"]
[Date "2011.10.14"]
[Round "7.6"]
[White "Musovic, Sabrija"]
[Black "Radovanovic, Slavko"]
[Result "1/2-1/2"]
[WhiteElo "2140"]
[BlackElo "2166"]
[PlyCount "75"]
[EventDate "2011.09.11"]

1. e4 e5 2. Nf3 d6 3. d4 Nf6 4. Nc3 Nbd7 5. Bg5 Be7 6. Qd2 c6 7. dxe5 dxe5 8.
h3 Qc7 9. Bd3 Nc5 10. O-O a5 11. Bh4 Nh5 12. Qe3 Nf4 13. Ne2 Ng6 14. Bxe7 Qxe7
15. a3 O-O 16. Bc4 Be6 17. Bxe6 Nxe6 18. g3 Qc5 19. Qc3 a4 20. h4 h5 21. Rad1
Rfd8 22. Rfe1 Qxc3 23. Nxc3 Nc5 24. Kf1 f6 25. Nd2 b5 26. Re3 Ne7 27. f4 Ne6
28. fxe5 fxe5 29. Nf3 Ng6 30. Rdd3 Rxd3 31. Rxd3 Rd8 32. Rxd8+ Nxd8 33. b3 axb3
34. cxb3 Kf7 35. a4 Nb7 36. Ke2 Ke6 37. Kd3 Kd6 38. Kc2 1/2-1/2

[Event "DRUGA LIGA CENTRALNE SRBIJE 2011 - ZAPAD"]
[Site "?"]
[Date "2011.10.14"]
[Round "8.1"]
[White "Radojcic, Slobodan"]
[Black "Marinkovic, Slavisa"]
[Result "1/2-1/2"]
[WhiteElo "2270"]
[BlackElo "2414"]
[PlyCount "63"]
[EventDate "2011.09.11"]

1. d4 Nf6 2. c4 e6 3. Nf3 b6 4. g3 Ba6 5. Qb3 Nc6 6. Nbd2 d5 7. Qa4 Bb7 8. Bg2
Bd6 9. O-O O-O 10. a3 a6 11. Qc2 dxc4 12. Nxc4 b5 13. Ncd2 Qc8 14. b3 e5 15.
dxe5 Nxe5 16. Bb2 Re8 17. Rac1 Nxf3+ 18. Bxf3 Bxf3 19. exf3 Qd8 20. Rfe1 Rxe1+
21. Rxe1 Bf8 22. Kg2 c5 23. Rd1 Qb6 24. Bxf6 Qxf6 25. Ne4 Qf5 26. a4 Rc8 27.
axb5 axb5 28. Qe2 c4 29. bxc4 bxc4 30. Rc1 Qe6 31. Qc2 h6 32. Rd1 1/2-1/2

[Event "DRUGA LIGA CENTRALNE SRBIJE 2011 - ZAPAD"]
[Site "?"]
[Date "2011.10.14"]
[Round "8.1"]
[White "Begus, Drasko"]
[Black "Dolovic, Dusko"]
[Result "1/2-1/2"]
[WhiteElo "2321"]
[BlackElo "2185"]
[PlyCount "47"]
[EventDate "2011.09.11"]

1. d4 Nf6 2. g3 d5 3. Bg2 Bf5 4. Nf3 e6 5. O-O Nbd7 6. c4 c6 7. b3 Bd6 8. Bb2
O-O 9. Nc3 h6 10. Nd2 e5 11. cxd5 exd4 12. Nce4 Nxe4 13. Nxe4 Bxe4 14. Bxe4 c5
15. Bg2 Re8 16. Qd2 Qg5 17. Qxg5 hxg5 18. Rae1 Re7 19. Bc1 Rae8 20. e3 Ne5 21.
Rd1 dxe3 22. Bxe3 g4 23. Bf4 Rd8 24. Bxe5 1/2-1/2